000 00868nam a22002777a 4500
003 DO-SdBPM
005 20250318123838.0
008 210426b 2011 ch 00| 0 spa d
020 _a9787802003040
040 _aDO-SdBPM
_bspa
_cBPMSU
082 4 _a495.11
_bZ63r 2011
_222
092 _a
100 1 _aZhang Pengpeng
_d
245 1 0 _aRápido aprendizaje del chino :
_bnuevos enfoques para el aprendizaje del chino /
_c Zhang Pengpeng.
260 _aRepública Popular, China :
_bSonolingua,
_c2011
_b
300 _aviii, 136 p.
_bils. ;
_c26 cm.
490 0 _a
500 _3
590 _aInventariado, 2023/VM
650 4 _aChino
_xEnseñanza
_xEstudiantes extranjeros
_2
650 4 _aCuentos infantiles chinos
650 4 _aLibros ilustrados para niños
_v
710 2 _aSinolingua
910 _aVMateo V. Control de calidad. BPMSU
942 _2ddc
_cBK
999 _c15010
_d15010